Al rayar el día

Gardado en:
Detalles Bibliográficos
Autor Principal: Colette
Formato: Libro
Idioma:Undetermined
Publicado: Barcelona, España Argos Vergara 1982
Materias:
Etiquetas: Engadir etiqueta
Sen Etiquetas, Sexa o primeiro en etiquetar este rexistro!

MARC

LEADER 00000nam a2200000Ia 4500
008 170316s9999 xx 000 0 und d
040 |a cru BVZT 
090 |a 840 C-9a 
100 |a Colette 
245 |a Al rayar el día 
260 |a Barcelona, España 
260 |b Argos Vergara 
260 |c 1982 
300 |a 137 páginas 
650 |a LITERATURA FRANCESA 
999 |c 7611  |d 7611 
942 |c 15 D  |h 840 C-9a  |2 z